Labranza reducida en el cono sur

-д хадгалсан:
Номзүйн дэлгэрэнгүй
Үндсэн зохиолчид: Caballero D., Hernán (Зохиогч), Díaz, Roberto (Зохиогч)
Формат: Ном
Хэл сонгох:испани
Хэвлэсэн: Montevideo IICA 1982
Цуврал:Serie Ponencias, Resultados y Recomendaciones de Eventos Técnicos, 262
Нөхцлүүд:
Шошгууд: Шошго нэмэх
Шошго байхгүй, Энэхүү баримтыг шошголох эхний хүн болох!

MARC

LEADER 00000nam a2200000 a 4500
001 UCQ5710
003 CL-VaPUC
005 20240909163532.0
008 981002e19820000uy 1 spa d
082 0 4 |a 631.51  |b CAB  |2 21 
100 1 |a Caballero D., Hernán  |e author  |9 619136 
700 1 |a Díaz, Roberto  |e author  |9 619137 
245 1 0 |a Labranza reducida en el cono sur 
260 |a Montevideo  |b IICA  |c 1982 
300 |a 191 p 
490 0 |a Serie Ponencias, Resultados y Recomendaciones de Eventos Técnicos, 262 
583 |a last modification  |c 20150511 05:48:34  |k Rodrigo Vera 
650 0 0 |a Labranza  |9 401579 
650 0 7 |a PASTOREO  |2 CL-VaPUC  |9 619138 
650 0 0 |a Cultivos  |9 264356 
650 0 0 |a Estadísticas  |9 258644 
650 0 0 |a Congresos  |9 257560 
651 0 |a Argentina  |9 254888 
651 0 |a Brasil  |9 267393 
651 0 |a Bolivia  |9 255454 
651 7 |a CHILE  |2 CL-VaPUC  |9 619139 
651 0 |a Uruguay  |9 255194 
942 |c BK 
945 |a aarredon  |d 19981002 00:00:00 
546 |a En Español 
536 |a Instituto Interamericano de Cooperación para la Agricultura 
518 |p Seminario Labranza reducida en el cono sur, Colonia, 1982 
999 |c 383265  |d 383263